000 00454nam a22001817a 4500
003 CEME
005 20210628210526.0
008 210201b xxu||||| |||| 00| 0 eng d
020 _a0-19-579579-2
040 _c.
082 _a954.91 PAK
100 _aBaxter, Craig,Kennedy, Charles H
_979802
245 _aPakistan 2000
260 _aKARACHI
_bOXFORD UNIVERSITY PRESS
_c2000
300 _a257P
650 _aPAKISTAN 2000
_979803
942 _cBK
_2ddc
999 _c584795
_d584795